000 00204 a2200109 4500
020 _a9788415241157
041 _aspa
100 _aCarmen Gil
245 _aLas Cosas del Aire
942 _cBK
952 _71
999 _c24034
_d24034